000 00309nam a22001337a 4500
008 210426b ||||| |||| 00| 0 eng d
041 _aeng
080 _a004
082 _a004
100 _a28
101 _aSHKI
245 _aNeeds Assessment A Model for Community Planning
_cNeuber,K.A
942 _2udc
_cBK
999 _c56744
_d56744